| 000 | 00938nam2a22002651 4500 | ||
|---|---|---|---|
| 001 | rc\3131358 | ||
| 005 | 20120615095637.4 | ||
| 021 |
_aRU _b[75-] |
||
| 035 | _a(NLR Aleph) 007278787 | ||
| 090 |
_a5487224 _c5487224 |
||
| 100 | _a20120615d1975 |||y0rusy50 ca | ||
| 101 | 0 | _arus | |
| 102 | _aRU | ||
| 105 | _ay z ||||| | ||
| 200 | 0 |
_a... за 1971-1974 гг. _f[Сост. Середин Н.П. _gЦветметинформация] |
|
| 210 | _d1975 | ||
| 215 | _a30 с. | ||
| 225 | 1 |
_a... _v[№ 2105/75] |
|
| 461 | 0 |
_1001rc\3131357 _12001#$aПроизводство цветных металлов методами электротермии$eКнижная, журн. и нат. литература на рус. и иностр. яз...$v... за 1971-1974 гг. |
|
| 702 | 1 |
_aСередин _bН. П. _4220 |
|
| 801 | 0 |
_aRU _bNLR _gpsbo |
|
| 801 | 1 |
_aRU _bELAR _2rusmarc |
|
| 852 |
_aNLR _jС337-410/П80 |
||
| 942 | _cBOOK | ||
| 980 | _aNB | ||